000 01162nmc a2200397 a 4500
003 AR-BaBNM
005 20251128205335.0
008 011101s1997 ||||||||||||||000 | spa||
020 _a950-701-339-3
040 _cAR-BaBNM
100 1 _aCarretero, Mario
245 1 0 _aConstruir y enseñar las ciencias experimentales
250 _a2ª ed.
260 _aBuenos Aires
_bAique
_c1997
300 _a247 p.
_bdiagr., il.
490 0 _aTransformación
504 _aBibliografía: p. 236-247
650 4 _aFISICA
650 4 _aMETODOS DE ENSENANZA
650 4 _aAPRENDIZAJE ACTIVO
650 4 _aFORMACION CIENTIFICA
650 4 _aBIOLOGIA
650 4 _aENSENANZA DE LA FISICA
650 4 _aENSENANZA DE LA QUIMICA
650 4 _aCONCEPTOS CIENTIFICOS
650 4 _aEXPERIMENTOS CIENTIFICOS
650 4 _aINVESTIGACION CIENTIFICA
650 4 _aFORMACION DE CONCEPTOS
653 _aEDUCACION PARA LA SALUD
700 1 _aBaillo, Maite
_ecolaborador
700 1 _aLimón, Margarita
_ecolaborador
700 1 _aLópez Manjón, Asunción
_ecolaborador
700 1 _aRodríguez Moneo, María
_ecolaborador
942 _cBK
998 _csilvi
999 _c11001
_d11001